Normal view
MARC view
- الصغير، جميل عبد الباقي
Entry Personal Name
001 - CONTROL NUMBER
- control field: 44731
003 - CONTROL NUMBER IDENTIFIER
- control field: JO-AjAnu
005 - DATE AND TIME OF LATEST TRANSACTION
- control field: 20230606081414.0
008 - FIXED-LENGTH DATA ELEMENTS
- fixed length control field: 230606|| aca||aabn | a|a d
040 ## - CATALOGING SOURCE
- Original cataloging agency: JO-AjAnu
- Transcribing agency: JO-AjAnu
100 ## - HEADING--PERSONAL NAME
- Personal name: الصغير، جميل عبد الباقي
670 ## - SOURCE DATA FOUND
- Source citation: Work cat.: (JO-AjAnu)22905: الصغير، جميل عبد الباقي , author, القانون الجنائي والتكنولوجيا الحديثة : الجرائم الناشئة عن استخدام الحاسب الألي، الكتاب الاول